10 Najlepszych strzelców Liverpoolu - Statystyki

Ogólne statystyki
  • Ten quiz został rozwiązany 80 razy
    74 od ostatniego zresetowania
  • Średni wynik to 5 z 10
Statystyki odpowiedzi
Gole Piłkarz % Poprawnych
250 Mohamed Salah
96%
339 Ian Rush
78%
186 Steven Gerrard
76%
120 Sadio Mane
71%
170 Kenny Dalglish
66%
158 Michael Owen
49%
183 Robbie Fowler
26%
280 Roger Hunt
4%
220 Billy Liddell
0%
233 Gordon Hodgson
0%
Nie znaleziono quizów pasujących do podanych kryteriów
Rozkład punktacji
Procent ludzi z każdym wynikiem
Percentyl według liczby udzielonych odpowiedzi
Twoja historia wyników
Nie rozwiązałeś tego quizu od ostatniego zresetowania